000 00471nam a2200181Ia 4500
001 18066
005 20260306171603.0
008 260306s9999||||xx |||||||||||||| ||und||
041 _aESP
082 _a658.4
_bK56
100 _aKing, Sara N.
_eAUT
245 0 _aDiscovering the leader in you:
_bhow to realize your personal leadership potential
260 _c2011
300 _axiv, 142 páginas :
_c
650 _aGEN
654 _aCAN
942 _cLIB
_dJUS
_fJUS
_2ddc
_n
999 _c18066
_d18066